A radical plan for Plymouth (Record no. 70306)

MARC details
000 -LEADER
fixed length control field 00819cam a2200229 4500
001 - CONTROL NUMBER
control field ABS65565
008 - FIXED-LENGTH DATA ELEMENTS--GENERAL INFORMATION
fixed length control field 020521n2002 000 0 eng u
035 ## - SYSTEM CONTROL NUMBER
System control number (Sirsi) u118067
100 ## - MAIN ENTRY--PERSONAL NAME
Personal name Ambrose, J
245 #2 - TITLE STATEMENT
Title A radical plan for Plymouth
260 ## - PUBLICATION, DISTRIBUTION, ETC.
Date of publication, distribution, etc. 2002
490 ## - SERIES STATEMENT
Series statement CSM
-- Chartered Surveyor Monthly
Volume/sequential designation May 2002, 18-19(2)
520 ## - SUMMARY, ETC.
Summary, etc. Focuses on Plymouth's regeneration strategy up to 2011 as outlined in its local plan. Lists a range of innovative concepts such as urban villages and strategic opportunity areas; making use of former Ministry of Defence property; planning a Light Rapid Transit (LRT) system.
590 ## - LOCAL NOTE (RLIN)
Local note ABS
650 ## - SUBJECT ADDED ENTRY--TOPICAL TERM
Topical term or geographic name entry element PLYMOUTH
650 ## - SUBJECT ADDED ENTRY--TOPICAL TERM
Topical term or geographic name entry element LOCAL PLAN
650 ## - SUBJECT ADDED ENTRY--TOPICAL TERM
Topical term or geographic name entry element LIGHT RAPID TRANSIT
650 ## - SUBJECT ADDED ENTRY--TOPICAL TERM
Topical term or geographic name entry element URBAN VILLAGES
650 ## - SUBJECT ADDED ENTRY--TOPICAL TERM
Topical term or geographic name entry element LRT
690 ## - LOCAL SUBJECT ADDED ENTRY--TOPICAL TERM (OCLC, RLIN)
Topical term or geographic name as entry element REGENERATION
942 ## - ADDED ENTRY ELEMENTS (KOHA)
Suppress in OPAC 0
Holdings
Withdrawn status Lost status Source of classification or shelving scheme Damaged status Not for loan Home library Current library Shelving location Date acquired Total Checkouts Full call number Barcode Date last seen Copy number Price effective from Koha item type
    Dewey Decimal Classification     London London Journal article 21/05/2002   ABS65565 118067-1001 06/08/2019 1 06/08/2019 Journal article